| 000 | 01321nam a22000977a 4500 | ||
|---|---|---|---|
| 999 |
_c3058 _d3058 |
||
| 008 | 200727b ||||| |||| 00| 0 eng d | ||
| 100 | _aTann, Leonard | ||
| 245 | _aThe Arms Issues of 1902-20 | ||
| 260 |
_aToronto _bCanadian Society of Russian Philately _c1980 |
||
| 650 | _a Russia (-1917) | Union of Soviet Socialist Republics (1917-1991) | 1902-1920 | 20th Century | Definitive Issues | Stamps -- Histories | Production | Perforation | Imperforate Issues | Errors and Varities | Printing | Designs | Essays and Proofs | Paper | Plates and Plating | Plate Blocks and Numbers | Overprints and Surcharges | Reissues and Reprints | Semi-postal Issues | Postal History | Postal Markings | Postal Rates | Forgeries and Counterfeits | Railway Mail | Maritime Mail | Shipping Companies and Packet Service | Military Mail | Locals and Private Posts | Zemstvos | Revenues | Postage Stamps as Revenues | Provisionals and Forerunners | Postal Stationery | Offices Abroad | Russia -- Offices in China (1899-1920) | China -- Offices in Turkish Empire (1865-1919) | North-Western Army (1919) | South Russia (1919-1921) | Russia -- Far Eastern Republic (1920-1922) | Siberia (1919) | RSFSR | Occupation of Finland | Finland | Chinese Eastern Railway | Mongolia | Russian Empire | Bibliographies | Auctions -- Prices Realized | Prices and Values | ||